Ironía e historia en tiempo de silencio / (Record no. 87538)

MARC details
000 -LEADER
campo de control de longitud fija 00590nam a2200217 i 4500
001 - NÚMERO DE CONTROL
campo de control 87538
003 - IDENTIFICADOR DE NÚMERO DE CONTROL
campo de control ES-MaACL
005 - FECHA Y HORA DE LA ÚLTIMA TRANSACCIÓN
campo de control 20240530125327.0
007 - CAMPO FIJO DE DESCRIPCIÓN FÍSICA--INFORMACIÓN GENERAL
campo de control de longitud fija t|
008 - DATOS DE LONGITUD FIJA--INFORMACIÓN GENERAL
campo de control de longitud fija 041222s1985 sp ||||1| spa d
020 ## - NÚMERO INTERNACIONAL ESTÁNDAR DEL LIBRO
Número Internacional Estándar del Libro 84-306-2162-8
100 1# - ENTRADA PRINCIPAL--NOMBRE DE PERSONA
Nombre de persona Labanyi, Jo.
9 (RLIN) 69206
245 10 - MENCIÓN DEL TÍTULO
Título Ironía e historia en tiempo de silencio /
Mención de responsabilidad, etc. Jo Labanyi.
260 ## - PUBLICACIÓN, DISTRIBUCIÓN, ETC.
Lugar de publicación, distribución, etc. Madrid :
Nombre del editor, distribuidor, etc. Taurus,
Fecha de publicación, distribución, etc. [1985]
300 ## - DESCRIPCIÓN FÍSICA
Extensión 166 p. ;
Dimensiones 21 cm.
490 1# - MENCIÓN DE SERIE
Mención de serie Persiles ;
Designación de volumen o secuencia 162
830 00 - PUNTO DE ACCESO ADICIONAL DE SERIE-TÍTULO UNIFORME
Título uniforme Persiles ;
Designación de volumen o secuencia 162
9 (RLIN) 236720
852 ## - LOCALIZACIÓN
Ubicación ES-MaACL
Número de control de estantería L-11123
Sublocalización o colección R.111197
942 ## - ELEMENTOS DE ENTRADA SECUNDARIOS (KOHA)
Fuente del sistema de clasificación o colocación Clasificación decimal universal
Holdings
Estatus retirado Estado de pérdida Estado de daño No para préstamo Biblioteca de origen Biblioteca actual Ubicación en estantería Fecha de adquisición Fuente de adquisición Total de préstamos Signatura topográfica completa Código de barras Visto por última vez Precio de reemplazo Tipo de ítem Koha
        Biblioteca del Ateneo de Madrid Biblioteca del Ateneo de Madrid Depósito 2 17/01/2008     L-11123 1091454 23/02/2023 23/02/2023 Libro impreso